000 00400nam a2200157 4500
003 OSt
008 240702b |||||||| |||| 00| 0 eng d
020 _a9780349423142
082 _a658.11 ALG
100 _aALLEN, David
245 _aGetting Things Done : The art of stress-free productivity
260 _aLondon
_bPiatkus
_c2019
300 _axxiii, 317 p.
650 _aGeneral
942 _2ddc
_cBK
999 _c12742
_d12742